Histoire générale: synchronique
Saved in:
| Hovedforfatter: | |
|---|---|
| Format: | Bog |
| Sprog: | fransk |
| Udgivet: |
París, Francia
Gallimard
1947
|
| Udgivelse: | Neuvieme edition |
| Serier: | La Suite des Temps,
18 |
| Fag: | |
| Tags: |
Tilføj Tag
Ingen Tags, Vær først til at tagge denne postø!
|
MARC
| LEADER | 00000nam a2200000 a 4500 | ||
|---|---|---|---|
| 001 | UCP8614 | ||
| 003 | CL-VaPUC | ||
| 005 | 20211216074441.0 | ||
| 008 | 000303e19470000fr |||||||||||||||||fre|d | ||
| 999 | |c 285505 |d 285503 | ||
| 040 | |c Pontificia Universidad Católica de Valparaíso | ||
| 082 | 0 | 4 | |a 909 DUM 1947 |2 21 |
| 100 | 0 | |a Dumoilin de Laplante, Pierre |e author |9 438686 | |
| 245 | 1 | 0 | |a Histoire générale: |b synchronique |
| 250 | |a Neuvieme edition | ||
| 260 | |a París, Francia |b Gallimard |c 1947 | ||
| 300 | |a 2 volúmenes | ||
| 490 | 0 | |a La Suite des Temps, |v 18 | |
| 500 | |a v.2: De 622 d.c a la Epoca Contemporánea | ||
| 583 | |a last modification |c 20171011 02:21:11 |k Rodrigo Vera | ||
| 650 | 0 | |a Historia universal |9 266877 | |
| 650 | 0 | |a Edad media |9 258041 | |
| 650 | 0 | |a Edad moderna |9 350383 | |
| 650 | 7 | |a EPOCA CONTEMPORANEA |2 CL-VaPUC |9 392007 | |
| 942 | |c BK |2 ddc | ||
| 945 | |d 20000303 00:00:00 |a rherrera | ||
| 952 | |0 0 |1 0 |2 ddc |4 0 |6 909_000000000000000_DUM_1947 |7 0 |8 X |9 330160 |a BIBHIS |b BIBHIS |d 2019-11-20 |h v.2 |i 1393006 |o 909 DUM 1947 |p 1393006 |r 2024-01-30 |t 1 |w 2019-11-20 |y BK_X |k HIS | ||